书目信息 |
| 题名: |
蝴蝶梦
|
|
| 作者: | 杜穆里埃 , 杜莫里埃, 著 ;林智玲 , 程德 译 | |
| 分册: | ||
| 出版信息: | 南京 译林出版社 1994 |
|
| 页数: | 418页 | |
| 开本: | 21cm | |
| 丛书名: | ||
| 单 册: | ||
| 中图分类: | I712.42 | |
| 科图分类: | ||
| 主题词: | 长篇小说--chang pian xiao shuo--英国--现代 | |
| 电子资源: | ||
| ISBN: | 7-80567-633-X | |
| 000 | 01181nam0 2200337 450 | |
| 001 | CAL 012005073185 | |
| 005 | 20061121094306.65 | |
| 010 | @a7-80567-633-X@b精装@dCNY 18.00 | |
| 099 | @aCAL 012005073185 | |
| 100 | @a20020805d1994 em y0chiy0110 ea | |
| 101 | 1 | @achi@ceng |
| 102 | @aCN@b320000 | |
| 105 | @ay z 000ay | |
| 200 | 1 | @a蝴蝶梦@Ahu die meng@d= Rebecca@f(英)杜穆里埃著@F(ying)du mu li ai zhu@g林智玲, 程德译@zeng |
| 210 | @a南京@c译林出版社@d1994 | |
| 215 | @a418页@d21cm | |
| 305 | @a据原文Pocket Books, Inc., New York, 1946年出版译出 | |
| 312 | @a本书又译为: 吕蓓卡 | |
| 314 | @a责任者规范汉译姓: 杜莫里埃 | |
| 314 | @a达夫妮·杜穆里埃(女,Daphne du Maurier,1907~1989),英国女作家,生前曾是英国皇家文学会会员,著有《蝴蝶梦》等。 | |
| 510 | 1 | @aRebecca@zeng |
| 517 | 1 | @a吕蓓卡@Alv bei ka |
| 606 | 0 | @a长篇小说@Achang pian xiao shuo@y英国@z现代 |
| 690 | @aI712.42@v4 | |
| 701 | 0 | @a杜穆里埃@Adu mu li ai@4著 |
| 701 | 1 | @a杜莫里埃,@Adu mo li ai@bD.@g(Du Maurier, Daphne),@f1907-1989@4著 |
| 702 | 0 | @a林智玲@Alin zhi ling@4译 |
| 702 | 0 | @a程德@Acheng de@4译 |
| 801 | @aCN@c20061121 | |
| 905 | @a10447@dI712.42@eD833 | |
| 998 | @aPUL | |
| 蝴蝶梦= Rebecca/(英)杜穆里埃著/林智玲, 程德译.-南京:译林出版社,1994 |
| 418页;21cm |
| ISBN 7-80567-633-X(精装):CNY 18.00 |
| ● |
| 相关链接 |
|
|
|
正题名:蝴蝶梦
索取号:I712.42/D833
 
预约/预借
| 序号 | 登录号 | 条形码 | 馆藏地/架位号 | 状态 | 备注 |
| 1 | 611839 | 206118397 | 文学库116/ [索取号:I712.42/D833] | 在馆 | |
| 2 | 611840 | 206118404 | 文学库116/116文学库 25排5列5层/ [索取号:I712.42/D833] | 在馆 | |
| 3 | 611841 | 206118413 | 文学库116/116文学库 25排5列5层/ [索取号:I712.42/D833] | 在馆 |